Ecohydrodynamics : proceedings of the 12th International Liege Colloquium on Ocean Hydrodynamics /

Bibliographic Details
Corporate Author: International Liège Colloquium on Ocean Hydrodynamics
Other Authors: Nihoul, Jacques C. J.
Format: Conference Proceeding Book
Language:English
Published: Amsterdam ; New York : Elsevier Scientific Pub. Co. ; 1981.
Series:Elsevier oceanography series ; 32.
Subjects:

MARC

Tag First Indicator Second Indicator Subfields
LEADER 00000cam a2200000 a 4500
001 in00000049009
005 20151007075815.0
008 810909s1981 ne ab b 10110 eng
010 |a  81004435  
020 |a 0444419691 (vol.32) 
020 |a 0444416234 (series) 
035 |a (OCoLC)07590862 
035 |9 AAF3845AM 
039 0 |a 2  |b 3  |c 3  |d 3  |e 3 
040 |a DLC  |c DLC  |d TXA  |d UtOrBLW 
049 |a TXAM  |c [1443301] 
050 0 0 |a QH541.5 S3  |b  I6 1980 
082 0 |a 574.5/2636  |2 19 
111 2 |a International Liège Colloquium on Ocean Hydrodynamics  |n (12th :  |d 1980) 
245 1 0 |a Ecohydrodynamics :  |b proceedings of the 12th International Liege Colloquium on Ocean Hydrodynamics /  |c edited by Jacques C.J. Nihoul. 
264 1 |a Amsterdam ;  |a New York :  |b Elsevier Scientific Pub. Co. ;  |c 1981. 
264 2 |a New York, N.Y. :  |b Distributions for the U.S. and Canada, Elsevier/North-Holland, 
300 |a xii, 359 pages :  |b illustrations, maps ;  |c 25 cm. 
336 |a text  |b txt  |2 rdacontent 
337 |a unmediated  |b n  |2 rdamedia 
338 |a volume  |b nc  |2 rdacarrier 
490 1 |a Elsevier oceanography series ;  |v 32 
504 |a Includes bibliographies and index. 
650 0 |a Marine ecology  |v Congresses. 
650 0 |a Oceanography  |v Congresses. 
650 0 |a Hydrodynamics  |v Congresses. 
700 1 |a Nihoul, Jacques C. J. 
830 0 |a Elsevier oceanography series ;  |v 32. 
999 |a MARS 
999 f f |s 4899190f-05f2-32d7-a990-e7b32fe95a9f  |i d80a43c8-f8a0-3465-82a8-1b78aeff6eba  |t 0 
952 f f |p ric  |a Texas A&M University  |b Rellis Campus  |c Joint Library Facility  |d Remote Storage  |t 0  |e QH541.5 S3 I6 1980  |h Library of Congress classification  |i unmediated -- volume  |m A14805942652 
998 f f |a QH541.5 S3 I6 1980  |t 0  |l Remote Storage